000
00325nam a2200121Ia 4500
008
170224s9999 xx 000 0 und d
245
_a
Health care provider social network analysis: A systematic review
260
_b
Nursing Outlook
260
_c
2015
300
_a
63:5
500
_a
September/October
650
_x
Nursing.
999
_c
317057
_d
317057